[Event "2.BLO 0607 Nickelhütte Aue - Lok Leipzi"]
[Site "?"]
[Date "2007.04.01"]
[Round "8.3"]
[White "Schubert, Thomas"]
[Black "Gaponenko, Inna"]
[Result "1/2-1/2"]
[WhiteElo "2366"]
[BlackElo "2448"]
[PlyCount "66"]
[EventDate "2007.??.??"]

1. d4 Nf6 2. Nf3 e6 3. Bf4 b6 4. e3 Bb7 5. h3 d6 6. Be2 Nbd7 7. O-O g6 8. Nbd2
Bg7 9. c3 Qe7 10. Bh2 O-O 11. Nc4 Ne4 12. Nfd2 Nxd2 13. Nxd2 e5 14. dxe5 Nxe5
15. Nf3 Rfd8 16. Re1 c5 17. Bg3 h5 18. Nxe5 Bxe5 19. Bxe5 dxe5 20. Qc2 Rd6 21.
Rad1 Rad8 22. Rxd6 Rxd6 23. Rd1 Qd7 24. Rxd6 Qxd6 25. Qd1 Qxd1+ 26. Bxd1 Bd5
27. a3 Kf8 28. h4 Ke7 29. Bc2 e4 30. Kh2 Ke6 31. Kg3 Ke5 32. f4+ Ke6 33. Kf2 f5
1/2-1/2

[Event "2.BLO 0607 Nickelhütte Aue - Lok Leipzi"]
[Site "?"]
[Date "2007.04.01"]
[Round "8.4"]
[White "Vasilevich, Tatjana"]
[Black "Boehnisch, Manfred"]
[Result "0-1"]
[WhiteElo "2396"]
[BlackElo "2378"]
[PlyCount "71"]
[EventDate "2007.??.??"]

1. d4 d5 2. c4 c6 3. Nf3 Nf6 4. Nc3 dxc4 5. a4 Bf5 6. Ne5 Na6 7. f3 Nd7 8. Nxc4
e5 9. e4 exd4 10. exf5 dxc3 11. bxc3 Qf6 12. Be2 Qxc3+ 13. Bd2 Qd4 14. Qb1 Bb4
15. Bxb4 Nxb4 16. Ra3 a5 17. Re3+ Kf8 18. Qd1 Qxd1+ 19. Bxd1 Nd5 20. Ra3 g6 21.
fxg6 hxg6 22. Kf2 Nc5 23. h4 Kg7 24. g4 f5 25. gxf5 gxf5 26. Bc2 Kf6 27. Nd6
Rh5 28. Rc1 b6 29. Rb1 Nb4 30. Rc3 Rd8 31. Rd1 Nd5 32. Nc4 Rxh4 33. Nxb6 Nxc3
34. Rxd8 Rh2+ 35. Ke3 Rxc2 36. Rd6+ {(Zeit)} 0-1

[Event "2.BLO 0607 Nickelhütte Aue - Lok Leipzi"]
[Site "?"]
[Date "2007.04.01"]
[Round "8.5"]
[White "Schultz, Andreas"]
[Black "Priehoda, Viteslav"]
[Result "1/2-1/2"]
[WhiteElo "2260"]
[BlackElo "2387"]
[PlyCount "81"]
[EventDate "2007.??.??"]

1. d4 d6 2. c4 e5 3. Nf3 e4 4. Ng5 f5 5. Nc3 Nf6 6. e3 h6 7. Nh3 g5 8. Ng1 Bg7
9. Nge2 Nc6 10. a3 Ne7 11. b4 c6 12. Rb1 d5 13. c5 Ng6 14. b5 h5 15. bxc6 bxc6
16. Qa4 Qc7 17. Bd2 O-O 18. g3 Bd7 19. Bg2 Bh6 20. O-O f4 21. Qc2 Kg7 22. f3
exf3 23. Rxf3 g4 24. Nxf4 Nxf4 25. Rxf4 Bxf4 26. exf4 Ng8 27. Re1 Bf5 28. Qa4
Qd7 29. Re5 Ne7 30. Rxe7+ Qxe7 31. Qxc6 Rab8 32. Nxd5 Rb1+ 33. Kf2 Qd7 34.
Qxd7+ Bxd7 35. Ne3 Rb2 36. Ke1 Rb1+ 37. Kf2 Rb2 38. Ke1 Rb1+ 39. Kf2 Rb2 40.
Ke1 Rb1+ 41. Kf2 1/2-1/2

[Event "2.BLO 0607 Nickelhütte Aue - Lok Leipzi"]
[Site "?"]
[Date "2007.04.01"]
[Round "8.6"]
[White "Wichmann, Cliff"]
[Black "Gempe, Thomas"]
[Result "1-0"]
[WhiteElo "2391"]
[BlackElo "2272"]
[PlyCount "63"]
[EventDate "2007.??.??"]

1. d4 Nf6 2. c4 g6 3. Nc3 d5 4. Nf3 Bg7 5. Bf4 c5 6. dxc5 Qa5 7. cxd5 Nxd5 8.
Qxd5 Bxc3+ 9. Bd2 Bxd2+ 10. Qxd2 Qxc5 11. Rc1 Qf5 12. Nd4 Qd7 13. Qh6 Nc6 14.
Nxc6 bxc6 15. Qg7 Rf8 16. e3 Qd5 17. Qc3 Bd7 18. Rd1 Qe4 19. f3 Qh4+ 20. g3 Qf6
21. Qd2 Rd8 22. Be2 Qe6 23. b3 f5 24. Kf2 Qe5 25. f4 Qc7 26. Bf3 Rf6 27. Qc3
Kf8 28. Rd4 Be8 29. Rhd1 Rxd4 30. Rxd4 Qb6 31. Ra4 h6 32. Be2 1-0

[Event "2.BLO 0607 Nickelhütte Aue - Lok Leipzi"]
[Site "?"]
[Date "2007.04.01"]
[Round "8.7"]
[White "Mueller, Frank"]
[Black "Diebl, Lutz"]
[Result "1/2-1/2"]
[WhiteElo "2242"]
[BlackElo "2238"]
[PlyCount "26"]
[EventDate "2007.??.??"]

1. Nf3 Nc6 2. d4 d5 3. g3 Bg4 4. Nbd2 Qd7 5. c3 Bh3 6. b4 Bxf1 7. Nxf1 a6 8. a4
e6 9. Bf4 Bd6 10. N1d2 Nge7 11. Nb3 Ng6 12. Nc5 Qc8 13. Nd3 Nxf4 {(=)} 1/2-1/2

[Event "2.BLO 0607 Nickelhütte Aue - Lok Leipzi"]
[Site "?"]
[Date "2007.04.01"]
[Round "8.8"]
[White "Schnabel, Ralf"]
[Black "Roemling, Sven"]
[Result "1/2-1/2"]
[WhiteElo "2229"]
[BlackElo "2195"]
[PlyCount "82"]
[EventDate "2007.??.??"]

1. e4 c6 2. d4 d5 3. Nd2 a6 4. c3 e6 5. Ngf3 Nf6 6. e5 Nfd7 7. Nb3 c5 8. Be2
Nc6 9. O-O Be7 10. Be3 O-O 11. Qd2 b6 12. Ng5 a5 13. f4 a4 14. Nc1 h6 15. Nh3
f5 16. exf6 Nxf6 17. Nf2 Bd7 18. Ncd3 c4 19. Ne5 Nxe5 20. dxe5 Ne8 21. Rad1 Qc7
22. a3 Rd8 23. Bd4 Bc5 24. Bh5 Bxd4 25. Qxd4 Qc5 26. Bg6 Qxd4 27. Rxd4 Nc7 28.
Ng4 Be8 {(=)} 29. Bc2 b5 30. Ne3 Rf7 31. g4 Re7 32. Ng2 Bf7 33. Nh4 Be8 34. Nf3
g6 35. Kg2 Kg7 36. Kg3 Bf7 37. Rd2 Rf8 38. Nd4 Be8 39. Re2 Bd7 40. Rf3 Ree8 41.
h3 Rf7 1/2-1/2